000 00377nam a2200157Ia 4500
003 Ost
005 20260225132551.0
008 260225s9999||||xx |||||||||||||| ||und||
040 _cfsic
041 _afre
082 _a808.1
100 _aMohamed Tahar Ben Saada
_eAuteur
245 0 _aLe régime politique Algerien /
245 0 _cMohamed Tahar Ben Saada
942 _cكتاب
999 _c34173
_d34173